RCD Espanyol Squad 2019-2020 - Statistics

General Stats
  • This quiz has been taken 25 times
  • The average score is 23 of 33
Answer Stats
# Position Nation Player % Correct
13 GK Spain Diego López
100%
15 MF Spain David López
93%
16 DF Spain Javi López
93%
7 FW China Wu Lei
93%
18 DF Uruguay Leandro Cabrera
87%
6 DF Spain Lluis López
87%
21 MF Spain Marc Roca
87%
11 FW Spain Raúl de Tomás
87%
12 FW Argentina Jonathan Calleri
80%
25 GK Spain Oier Olazábal
80%
- Coach Spain Pablo Machín
80%
- Coach Spain Abelardo Fernández
73%
23 FW Spain Adrián Embarba
73%
3 DF Spain Adrià Pedrosa
73%
17 DF Spain Dídac Vilà
73%
22 FW Argentina Matías Vargas
73%
5 DF Brazil Naldo
73%
14 FW Spain Óscar Melendo
73%
10 MF Spain Sergi Darder
73%
4 MF Spain Víctor Sánchez
73%
9 FW Argentina Facundo Ferreyra
67%
20 DF Colombia Bernardo Espinosa
60%
- Coach Spain David Gallego
60%
- Coach Spain Francisco Rufete
60%
19 FW Argentina Pablo Piatti
60%
31 FW Spain Víctor Campuzano
60%
1 GK Spain Andrés Prieto
53%
24 DF Spain Fernando Calero
53%
8 MF Spain Ander Iturraspe
47%
23 MF Spain Esteban Granero
47%
18 DF France Sébastien Corchia
47%
34 DF Spain Víctor Gómez
47%
2 DF Spain Pipa
40%
No matching quizzes found
Score Distribution
Percent of People with Each Score
Percentile by Number Answered
Your Score History
You have not taken this quiz